=LDR 00000nam 2200000 4500 =001 INLIS000000000038703 =005 20181115105710 =035 ##$$a 0010-061300000038703 =008 181115###########################0#ind## =041 ##$$a Ind =082 ##$$a 813.01 =090 ##$$a 813.01, Cer c =245 ##$$a Cerita tentang rakyat yang suka bertanya, /$c Editor, FX. Rudy Gunawan =260 ##$$a Jakarta :$b Demos,$c 2010 =300 ##$$a viii,185 hlm, ; $c 20 cm =650 ##$$a Fiksi Indonesia - Cerita Pendek =850 ##$$a NBPNMAT =020 ##$$a 978-602-8493-10-9 =084 ##$$a 813.01 CER =710 ##$$a Gunawan, FX Rudy =990 ##$$a 92440/BPAP-NTB/2014 =990 ##$$a 0001/BPAP-NTB/20142014 =990 ##$$a 84728472 =990 ##$$a 21110691 =990 ##$$a 92440/BPAP-NTB/2014 =990 ##$$a 0001/BPAP-NTB/20142014